LEADER 01471nam 22003973 450 001 996714608703316 005 20260315090620.0 010 $a981-9550-09-2 035 $a(CKB)45735535600041 035 $a(MiAaPQ)EBC32608890 035 $a(Au-PeEL)EBL32608890 035 $a(EXLCZ)9945735535600041 100 $a20260315d2026 uy 0 101 0 $aeng 135 $aur||||||||||| 181 $ctxt$2rdacontent 182 $cc$2rdamedia 183 $acr$2rdacarrier 200 10$aKnowledge Graphs $e14th International Joint Conference, IJCKG 2025, Heraklion, Crete, Greece, October 15-17, 2025, Proceedings 205 $a1st ed. 210 1$aSingapore :$cSpringer,$d2026. 210 4$dİ2026. 215 $a1 online resource (848 pages) 225 1 $aLecture Notes in Computer Science Series ;$vv.16297 311 08$a981-9550-08-4 330 $aThis book constitutes the refereed proceedings of the 14th International Joint Conference on Knowledge Graphs , IJCKG 2025 , held in Heraklion, Crete, Greece , during October 15-17, 2025.The 28 full papers and 11 short papers included in this book were carefully reviewed and selected from 74 submissions. 410 0$aLecture Notes in Computer Science Series 700 $aTakeda$b Hideaki$01860669 701 $aTakeda$0479435 801 0$bMiAaPQ 801 1$bMiAaPQ 801 2$bMiAaPQ 906 $aBOOK 912 $a996714608703316 996 $aKnowledge Graphs$94553131 997 $aUNISA